000 00835nam a22002537a 4500
001 42083
003 UA-OsUOA
005 20220210151936.0
007 ta
008 20081119b un ||||| |||| 00| 0 ukr d
040 _aUA-OsUOA
_bukr
_cUA-OsUOA
_dUA-OsUOA
041 _aukr
080 _a94(477).154 укр. в сх. Євр.
090 _a94(477).154 укр. в сх. Євр.
_bС75
100 _aСрібняк І.
245 _aПолонені українці в Австро-Угорщині та Німеччині (1914-1920 рр.)
260 _aК.
_c1999
300 _a296 с.
650 7 _a9 Географія. Біографії. Історія
_2UDC
942 _cBK
_2udc
955 _a4
999 _c440582
_d440582